| 000 | 00000cam 2200000zi 4500 |
| 001 | 9.962727 |
| 003 | CaOODSP |
| 005 | 20260512114356 |
| 006 | m o d f |
| 007 | cr mn||||||||| |
| 008 | 260512t19971997bcca ob f000 0 eng d |
| 040 | |aCaOODSP|beng|erda|cCaOODSP |
| 041 | 0 |aeng|beng|bfre |
| 043 | |an-cn-bc|apn----- |
| 045 | |ax9x9 |
| 086 | 1 |aFs97-4/2447E-PDF|zFs97-4/2447E |
| 245 | 00|aPacific Stock Assessment Review Committee (PSARC) annual report for 1996 / |cby J. Rice, B. Leaman, S. Farlinger, L. Richards, R.J. Beamish, B. Holtby, and G. Thomas (editors). |
| 264 | 1|aNanaimo, British Columbia : |bDepartment of Fisheries and Oceans, Science Branch, Pacific Biological Station, |c1997. |
| 264 | 4|c©1997 |
| 300 | |a1 online resource (iv, 289 pages) : |billustrations. |
| 336 | |atext|btxt|2rdacontent |
| 337 | |acomputer|bc|2rdamedia |
| 338 | |aonline resource|bcr|2rdacarrier |
| 490 | 1 |aCanadian manuscript report of fisheries and aquatic sciences, |y0706-6473 ; |vno. 2447 |
| 500 | |aDigitized edition from print [produced by Department of Fisheries and Oceans]. |
| 504 | |aIncludes bibliographical references. |
| 520 | 3 |a"This report summarizes activities undertaken by the Pacific Stock Assessment Review Committee (PSARC) during 1996. During this year, 53 reviewed Working Papers and 14 unreviewed Fishery Updates were presented at meetings of the four PSARC Subcommittees (Salmon, Invertebrates, Groundfish, and Herring). In this annual report, an overview by the Chairperson of the PSARC Steering Committee is followed by eight PSARC Advisory Documents which summarize the Working Papers, reviewers' comments, subcommittee discussions and Steering Committee comments"--Abstract, page iv. |
| 546 | |aIncludes abstracts in English and French. |
| 610 | 20|aPacific Stock Assessment Review Committee (Canada) |
| 650 | 0|aFish stock assessment|zBritish Columbia|zPacific Coast. |
| 650 | 0|aFishery management|zBritish Columbia|zPacific Coast. |
| 650 | 0|aFish stock assessment|zBritish Columbia. |
| 650 | 0|aFishery management|zBritish Columbia. |
| 650 | 6|aRessources halieutiques|xÉvaluation|zColombie-Britannique|zPacifique, Côte du. |
| 650 | 6|aPêches|xGestion|zColombie-Britannique|zPacifique, Côte du. |
| 650 | 6|aRessources halieutiques|xÉvaluation|zColombie-Britannique. |
| 650 | 6|aPêches|xGestion|zColombie-Britannique. |
| 700 | 1 |aRice, J. C., |eeditor. |
| 710 | 1 |aCanada. |bDepartment of Fisheries and Oceans, |eissuing body. |
| 710 | 2 |aPacific Biological Station (1972- ), |eissuing body. |
| 830 | #0|aCanadian manuscript report of fisheries and aquatic sciences ;|vno. 2447.|w(CaOODSP)9.505211 |
| 856 | 40|qPDF|s10.10 MB|uhttps://publications.gc.ca/collections/collection_2026/mpo-dfo/fs97-4/Fs97-4-2447-eng.pdf |